000
00198 a2200097 4500
001
20129
100
_a
Hartley A
245
_a
Gaullism
260
_a
_b
Rout ledge & Kegan
_c
090
_c
14723
_d
14723
942
_a
NUST-CAE
_c
M
_c
5251
999
_c
255202
_d
255202